000
00292nam a22001337a 4500
020
_a
817573889-8
082
_a
920
_b
DUA/T
100
_a
DUA,SHYAM
245
_a
THE LUMINOUS LIFE OF TONY BLAIR
260
_a
DELHI
_b
PRINTLINE BOOKS
300
_a
95
650
_a
BIOGRAPHY
_z
DELHI
942
_c
BK
999
_c
5914
_d
5914